Constitución Política de Colombia 1991 / (Registro nro. 5747)
[ vista simple ]
| 000 -LEADER | |
|---|---|
| fixed length control field | 00963nam a2200229Ia 4500 |
| 003 - CONTROL NUMBER IDENTIFIER | |
| control field | OSt |
| 005 - DATE AND TIME OF LATEST TRANSACTION | |
| control field | 20200813124815.0 |
| 008 - FIXED-LENGTH DATA ELEMENTS--GENERAL INFORMATION | |
| fixed length control field | 191128s1991 ck grl f001 0 spa d |
| 040 ## - CATALOGING SOURCE | |
| Original cataloging agency | CO-JMCR |
| Transcribing agency | CO-JMCR |
| 041 0# - LANGUAGE CODE | |
| Language code of text/sound track or separate title | spa |
| 082 04 - DEWEY DECIMAL CLASSIFICATION NUMBER | |
| Classification number | 342.023 / |
| Item number | C718c3 |
| Edition number | 23 |
| 110 1# - MAIN ENTRY--CORPORATE NAME | |
| Corporate name or jurisdiction name as entry element | Colombia. |
| Subordinate unit | Presidencia de la República |
| 9 (RLIN) | 2972 |
| 240 1# - UNIFORM TITLE | |
| Uniform title | Leyes, decretos, etc. |
| 245 10 - TITLE STATEMENT | |
| Title | Constitución Política de Colombia 1991 / |
| Statement of responsibility, etc. | Presidencia de la República |
| 260 ## - PUBLICATION, DISTRIBUTION, ETC. | |
| Place of publication, distribution, etc. | Bogotá : |
| Name of publisher, distributor, etc. | Asamble General Constituyente, |
| Date of publication, distribution, etc. | 1991 |
| 300 ## - PHYSICAL DESCRIPTION | |
| Extent | 197 páginas ; |
| Dimensions | 20 cm. |
| 500 ## - GENERAL NOTE | |
| General note | Incluye índice Analítico y alfabético. |
| 505 0# - FORMATTED CONTENTS NOTE | |
| Formatted contents note | De los principios fundamentales -- De los derechos y garantías y los deberes -- De los habitantes y del territorio -- De la organización del estado -- De la Rama Legislativa -- De la Rama Judicial -- De los organos de control |
| 650 14 - SUBJECT ADDED ENTRY--TOPICAL TERM | |
| Topical term or geographic name entry element | Derechos humanos |
| General subdivision | artículos |
| 9 (RLIN) | 8204 |
| 650 14 - SUBJECT ADDED ENTRY--TOPICAL TERM | |
| Topical term or geographic name entry element | Ramas del poder público |
| 9 (RLIN) | 8196 |
| 942 ## - ADDED ENTRY ELEMENTS (KOHA) | |
| Source of classification or shelving scheme | Dewey Decimal Classification |
| Koha item type | Books |
| Withdrawn status | Lost status | Source of classification or shelving scheme | Damaged status | Not for loan | Collection code | Home library | Current library | Date acquired | Source of acquisition | Full call number | Barcode | Date last seen | Copy number | Koha item type |
|---|---|---|---|---|---|---|---|---|---|---|---|---|---|---|
| Dewey Decimal Classification | Non-fiction | Biblioteca Pública José María del Castillo y Rada | Biblioteca Pública José María del Castillo y Rada | 04/15/2018 | Donación | 342.023 / C718c3 | 430004110 | 05/16/2024 | Ej.1 | Books |